Statistics for Name these People by Millenia (3rd AD to 3rd BC)

Click here to take the quiz!

General Stats

  • This quiz has been taken 72 times
  • The average score is 4 of 6

Answer Stats

Answer% Correct
William Shakespeare
94%
Julius Caesar
89%
Tutankhamun
82%
Charlemagne
75%
Olivia Rodrigo
62%
Sargon
37%

Score Distribution

Percentile by Number Answered

Percent of People with Each Score

Your Score History

You have not taken this quiz